<?xml version="1.0" encoding="UTF-8"?>
<collection xmlns="http://www.loc.gov/MARC21/slim">
  <record>
    <leader>00000nam  2200000   4500</leader>
    <controlfield tag="001">INLIS000000000006335</controlfield>
    <controlfield tag="005">20220609031613</controlfield>
    <datafield tag="035" ind1="#" ind2="#">
      <subfield code="a">0010-0622000196</subfield>
    </datafield>
    <controlfield tag="005">20220609030628</controlfield>
    <datafield tag="245" ind1="1" ind2="#">
      <subfield code="a">Nobel Techniques Emerge for Touch Panels /</subfield>
      <subfield code="c">TETSUO HIRAYAMA</subfield>
    </datafield>
    <datafield tag="100" ind1="1" ind2="#">
      <subfield code="a">HIRAYAMA, Tetsuo</subfield>
    </datafield>
    <datafield tag="250" ind1="#" ind2="#">
      <subfield code="a">Edisi Volume 18, Serial No.203</subfield>
    </datafield>
    <datafield tag="300" ind1="#" ind2="#">
      <subfield code="a">73 halaman :</subfield>
      <subfield code="b">Tabel, Gambar ;</subfield>
      <subfield code="c">20,5x28 cm</subfield>
    </datafield>
    <datafield tag="260" ind1="#" ind2="#">
      <subfield code="b">Dempa Asia Electronics Industry,</subfield>
      <subfield code="c">2013</subfield>
    </datafield>
    <datafield tag="082" ind1="#" ind2="#">
      <subfield code="a">050.37</subfield>
    </datafield>
    <datafield tag="084" ind1="#" ind2="#">
      <subfield code="a">050.37 HIR n</subfield>
    </datafield>
    <datafield tag="500" ind1="#" ind2="#">
      <subfield code="a">Special Report : Power Quality Issue Takes Spotlight. Industry Report : Taiwan to Ride Tide of Mobile Surge</subfield>
    </datafield>
    <controlfield tag="008">220609################|##########|#|##</controlfield>
    <datafield tag="990" ind1="#" ind2="#">
      <subfield code="a">392/MJ-14</subfield>
    </datafield>
  </record>
</collection>
